000 01132nam a2200289 4500
001 0000016538
003 CO-CtgCURN
005 20250331183910.0
007 ta
008 160627s1993 000 0 eng d
020 _a9681640756
040 _aCO-CtgCURN
_bspa
_ccoctgcurn
082 0 _a121
_bS587p
100 1 _aSilverman, Hugh J.
245 1 0 _aPiaget, la filosofia y las ciencias humanas /
_cpor Hugh J. Silverman (Compilador) , traducción de Juan José Utrilla.
260 _aMexico :
_bFondo de cultura economica,
_c1993.
300 _a274 p.
336 _2rdacontent
337 _2rdamedia
_asin mediacion
_bn
338 _2rdacarrier
_avolumen
_bnc
505 8 _aLa teoria piagetiana del conocimiento.--Estructura y orden.--Seminario de la facultad sobre el concepto de estructura en la epistemología genetica de piajet.--Piaget y freud sobre la memoria infantil
650 1 4 _aFilosofia de la ciencia.
700 1 _aUtrilla, Juan José,
_eTraductor; Silverman, Hugh J, comp.
908 _a160627
942 _cBK
_h121
_iS587p
_2ddc
999 _c16880
_d16880